|
|
|
|
| LEADER |
01324nam a2200349 a 4500 |
| 001 |
EBC3378826 |
| 003 |
MiAaPQ |
| 005 |
20200520144314.0 |
| 006 |
m o d | |
| 007 |
cr cn||||||||| |
| 008 |
111003s2011 dcua sb 000 0 eng d |
| 020 |
|
|
|z 0309214971
|
| 020 |
|
|
|z 9780309214971
|
| 035 |
|
|
|a (MiAaPQ)EBC3378826
|
| 035 |
|
|
|a (Au-PeEL)EBL3378826
|
| 035 |
|
|
|a (CaPaEBR)ebr10495422
|
| 035 |
|
|
|a (CaONFJC)MIL325355
|
| 035 |
|
|
|a (OCoLC)758981392
|
| 040 |
|
|
|a MiAaPQ
|c MiAaPQ
|d MiAaPQ
|
| 043 |
|
|
|a n-us---
|
| 050 |
|
4 |
|a HB849.49
|b .F88 2011
|
| 245 |
0 |
4 |
|a The future of federal household surveys
|h [electronic resource] :
|b summary of a workshop /
|c Krisztina Marton and Jennifer C. Karberg, rapporteurs.
|
| 260 |
|
|
|a Washington, D.C. :
|b National Academies Press,
|c 2011.
|
| 300 |
|
|
|a x, 102 p. :
|b ill. (some col.)
|
| 504 |
|
|
|a Includes bibliographical references.
|
| 533 |
|
|
|a Electronic reproduction. Ann Arbor, MI : ProQuest, 2015. Available via World Wide Web. Access may be limited to ProQuest affiliated libraries.
|
| 650 |
|
0 |
|a Household surveys
|z United States.
|
| 655 |
|
4 |
|a Electronic books.
|
| 700 |
1 |
|
|a Marton, Krisztina.
|
| 700 |
1 |
|
|a Karberg, Jennifer C.
|
| 710 |
2 |
|
|a ProQuest (Firm)
|
| 856 |
4 |
0 |
|u https://ebookcentral.proquest.com/lib/matrademy/detail.action?docID=3378826
|z Click to View
|